000 00288nam a22001217a 4500
008 171027b xxu||||| |||| 00| 0 eng d
041 _aeng
080 _24 ED
_a336
100 _a55
101 _aMEN
245 _aTHE FINANCIAL MANAGEMENT OF HOSPITAL
_cBERMAN.H.J
942 _2udc
_cBK
999 _c36065
_d36065